PO BÚRKACH ŽIVOTA.

Podrobná bibliografia
Hlavný autor: Osenská, Ľudmila, 1884-1968 (Autor)
Médium: Článok
Jazyk:slovenčina

MARC

LEADER 00000nab a2200000uu 4500
001 vtls011518528
003 SK-MaSNL
005 20260303162730.0
008 230302|1925 xo |||||||||||||||||slo|
015 |a SNBRB 
035 |a (urnnbn)urn:nbn:sk:snk:ar-001yyy 
035 |a (uuid)5bfeb4e5-10de-4650-bb29-8208ba434e61 
035 |a urn:nbn:sk:snk-abe7gc 
040 |a SNKBUCL  |b slo  |c SNKBUCL  |e AACR2 
041 0 |a slo 
044 |a xo  |c SK 
100 1 |a Osenská, Ľudmila,  |d 1884-1968  |4 aut  |9 178236 
245 1 0 |a PO BÚRKACH ŽIVOTA.  |c Ľudmila Osenská 
773 0 |t Slovenské pohľady  |g Roč. 41, č. 1 (1925), s. 36 
958 |a OND 
958 |a EUIPO 
958 |a article21 
999 |c 2056827  |d 2058757